| 000 | 01090cam a22003377a 4500 | ||
|---|---|---|---|
| 003 | CHAP | ||
| 005 | 20220329133053.0 | ||
| 008 | 971013s1990 r 00010 d | ||
| 010 | _a1836 | ||
| 011 | _a2808 | ||
| 035 | _a2008 | ||
| 040 | _cCHAP | ||
| 090 | _aTesis | ||
| 100 | 0 | 0 |
_aCuéllar Chávez, Amalia. _930474 |
| 245 | 1 | 3 | _aEl cultivo del clavel (Dianthus Caryophillus L.) |
| 260 |
_aMarín, N. L. : _bEl Autor, _c1990 |
||
| 300 | _a30 h | ||
| 502 | _aTesis (Ing. Agr. Fitotecnista) -- Universidad Autónoma de Nuevo León. Facultad de Agronomía | ||
| 590 |
_aALEPH _b10 _c20130110 _lUCH01 _h1209 |
||
| 590 |
_aBATCH-UPD _b10 _c20130110 _lUCH01 _h1307 |
||
| 590 |
_aBATCH-UPD _b10 _c20130410 _lUCH01 _h0822 |
||
| 590 |
_aBATCH-UPD _b10 _c20130914 _lUCH01 _h0947 |
||
| 590 |
_aCONVERSION _b10 _c20130109 _lUCH01 _h1302 |
||
| 650 | 1 | 4 |
_aClavel _xPropagación. _923709 |
| 650 | 1 | 4 |
_aFlores _xMejoramiento. _941387 |
| 650 | 1 | 4 |
_aFlores _xMercadeo. _941388 |
| 650 | 1 | 4 |
_aFloricultura _xNuevo León. _941845 |
| 901 | _aBK | ||
| 942 | _cTESIS | ||
| 949 |
_bBC _cTES _d-11503 _eTS1 _h23816 _i2008 _si |
||
| 999 |
_c1836 _d1836 |
||